Т. 26; Современные проблемы математики. Новейшие достижения

Detalhes bibliográficos
Parent link:Современные проблемы математики. Новейшие достижения/ Академия наук СССР (АН СССР), Всесоюзный институт научной и технической информации (ВИНИТИ) ; науч. Р. В. Гамкрелидзе. Т. 26.— , 1973-1990.— 0202-747X
Idioma:russo
Publicado em: 1985
Assuntos:
Formato: Livro
KOHA link:https://koha.lib.tpu.ru/cgi-bin/koha/opac-detail.pl?biblionumber=277459

MARC

LEADER 00000nam2a2200000 4500
001 277459
005 20231101235022.0
035 |a (RuTPU)RU\TPU\book\300733 
035 |a RU\TPU\book\286585 
090 |a 277459 
100 |a 20141203d1985 k y0rusy50 ca 
101 0 |a rus 
102 |a RU 
105 |a y z 001zy 
200 0 |a Т. 26 
210 |d 1985 
215 |a 260 с. 
320 |a Библиография в конце работ 
461 1 |0 (RuTPU)RU\TPU\book\288694  |x 0202-747X  |t Современные проблемы математики. Новейшие достижения  |f Академия наук СССР (АН СССР), Всесоюзный институт научной и технической информации (ВИНИТИ) ; науч. Р. В. Гамкрелидзе  |v Т. 26  |d 1973-1990  |s Современные проблемы математики. Новейшие достижения 
606 1 |a Математика  |2 stltpush  |3 (RuTPU)RU\TPU\subj\67327  |9 83171 
610 1 |a полупростые алгебры 
610 1 |a строение 
610 1 |a примеры 
610 1 |a гипрегруппы 
610 1 |a тензорные произведения 
610 1 |a факторы 
610 1 |a алгебры фон Неймана 
610 1 |a инварианты 
610 1 |a решетки 
610 1 |a алгебры Ли 
675 |a 51  |v 4 
801 1 |a RU  |b 63413507  |c 20110905 
801 2 |a RU  |b 63413507  |c 20170302  |g RCR 
942 |c BK